A magia da casa falante (Registo nº 1703)
[ vista simples ]
| 000 -Etiqueta do registo | |
|---|---|
| Cabeçalho | 00977nam a22003251 4500 |
| 005 - Identificador da versão | |
| Campo de controlo | 20240813121914.0 |
| 095 ## - | |
| -- | PTBN00430701 |
| 010 ## - Número internacional normalizado dos livros (ISBN) | |
| Número (ISBN) | 9727515525 |
| 021 ## - Número do Depósito Legal | |
| Código do país | PT |
| Número | 197614/03 |
| 035 ## - Other System Control Numbers | |
| System Control Number | 0000002 |
| 100 ## - Dados gerais de processamento | |
| Dados gerais de processamento | 20070320d2003 cd y0pory5003 ba |
| 102 ## - Pais de publicação ou produção | |
| País de publicação | Portugal |
| 101 1# - Língua de publicação | |
| Língua do texto, banda sonora, etc. | Português |
| Língua do documento no original | Italiano |
| 106 ## - Campo de dados codificados: material textual | |
| Dados codificados do material textual | r |
| 105 ## - Campo de dados codificados: livros | |
| Dados codificados dos livros | a z 000fy |
| 215 ## - Descrição física | |
| Indicação específica da natureza do documento e extensão da espécie | 13, [3] p. |
| Outras indicações físicas | muito il. |
| Dimensões | 16 cm |
| 200 1# - Titulo e menção de responsabilidade | |
| Título próprio | A magia da casa falante |
| Primeira menção de responsabilidade | Luana Ravecca |
| Outras menções de responsabilidade | il. Ginetta Ioni |
| -- | trad. António Maia da Rocha |
| 225 2# - Colecção | |
| Título próprio da colecção | Riscos e rabiscos |
| Nome de uma parte ou secção | 5 - 8 anos |
| Indicação de volume | 1 |
| 210 ## - Publicação, Distribuição, etc. | |
| Lugar da edição, distribuição, etc. | Lisboa |
| Nome do editor, distribuidor, etc. | Paulinas |
| Data da publicação, distribuição, etc. | D.L. 2003 |
| 304 ## - Notas relativas a título e menção de responsabilidade | |
| Texto da nota | Tít. orig.: La magia, della casa falante |
| 606 ## - Nome comum usado como assunto | |
| Número de registo de entrada de autoridade | 0000001 |
| Palavra de ordem | Literatura estrangeira infantil |
| Subdivisão de assunto | Conto |
| 675 ## - Classificação Decimal Universal (CDU) | |
| Notação | 82-34 |
| Edição | 2ª |
| Língua da edição | por |
| 702 #1 - Nome de autor-pessoa física (responsabilidade secundária) | |
| Número de registo de entrada de autoridade | 0000178 |
| Palavra de ordem | Ioni |
| Outra parte do nome não tomada para palavra de ordem | Ginetta |
| Código de função | Ilustrador / Técnico de desenho computorizado |
| Número de registo de entrada de autoridade | 0000179 |
| Palavra de ordem | Rocha |
| Outra parte do nome não tomada para palavra de ordem | António Maia da |
| Código de função | Tradutor |
| 700 #1 - Nome de autor-pessoa física (responsabilidade principal) | |
| Número de registo de entrada de autoridade | 0000177 |
| Palavra de ordem | Ravecca |
| Outra parte do nome não tomada para palavra de ordem | Luana |
| 942 ## - Elementos de entrada adicionados (Koha) | |
| Tipo de item no Koha | Livro |
| Situação do levantamento | Origin of item (home branch) (coded) | Biblioteca de empréstimo | Código de barras | Cota | Circulation type (not for loan) | Tipo de documento | Nota do exemplar | Damaged status |
|---|---|---|---|---|---|---|---|---|
| Biblioteca Escolar da Coca Maravilhas | Biblioteca Escolar da Coca Maravilhas | BECM7802/07 | 8EST RAV | Livro | Sem mensagem |
